000 01403nam0a2200313 4500
001 RU\NLR\bibl\186634
005 20260407122450.0
035 _a(NLR Aleph) 000183195
090 _a1057975
_c1057975
100 _a20010927d1997 |||y0rusy50 ca
101 0 _arus
102 _aRU
105 _ay |||||||||
200 1 _aИзмерения в педагогике
_e[Сб.]
210 _aИжевск
_cИзд-во ИУУ
_d1997
215 _a117 с.
_d20
225 1 _aУченые труды
_fМ-во нар. образования Удмурт. Респ., Ин-т усоверш. учителей Удмурт. Респ.
316 _aЭкз. деф.: с. 89 не пропечатана
_5NLR
320 _aБиблиогр. в конце ст.
606 0 _aКвалиметрия в народном образовании
_jСборники
_92010492
_3RU\NLR\auth\66924490
686 _aЧ30в2
712 0 2 _4570
_aУдмуртский республиканский институт усовершенствования учителей
_cИжевск
_3RU\NLR\AUTH\889958911
_9413987
801 0 _aRU
_bNLR
_c20010927
_gPSBO
801 1 _aRU
_bNLR
_c20010927
852 _aNLR
_j2000-3/13304
942 _cBOOK
980 _aNB